Brothers in the NBA - Statistics

General Stats
  • This quiz has been taken 532 times
    18 since last reset
  • The average score is 48 of 116
Answer Stats
Last Name First Name % Correct
Antetokounmpo Giannis
100%
Ball LaMelo
94%
Ball Lonzo
94%
Curry Seth
94%
Curry | Graham Stephen
94%
Antetokounmpo | Sarr Alex
88%
Lopez Brook
88%
Mobley Evan
88%
Gasol Marc
88%
Gasol Pau
88%
Teague Jeff
81%
Holiday Jrue
81%
Antetokounmpo Thanasis
81%
Griffin Blake
75%
Gervin | Mikan George
75%
Dragić Goran
75%
Nance Larry
75%
Price Mark
75%
Plumlee Mason
75%
Martin | Williams #2 | Zeller Cody
69%
Wagner Franz
69%
McDaniels Jaden
69%
Antetokounmpo Kostas
69%
Landry | Morris Marcus
69%
Morris Markieff
69%
Harper Dylan
63%
McDaniels | Williams #2 Jalen
63%
Paxson John
63%
Barry Jon
63%
Champagnie Julian
63%
Champagnie | Holiday Justin
63%
Lopez Robin
63%
Jones #1 Wil
63%
Holiday Aaron
56%
Thompson #2 Amen
56%
Wilkins Dominique
56%
Hernangomez Juancho
56%
Christie Max
56%
Wagner Moritz
56%
Hansbrough | Zeller Tyler
56%
Anderson Willie
56%
Hernangomez Willy
56%
Thompson #2 Ausar
50%
King Bernard
50%
Thompson #1 Klay
50%
Martin Caleb
44%
Vincent Jay
44%
Plumlee Miles
44%
Dragić Zoran
38%
Barry | Price Brent
31%
Christie | Spencer Cam
31%
Wright Delon
31%
Grant #1 Horace
31%
Collins Jason
31%
Grant #2 Jerami
31%
Murray Kris
31%
Spencer Pat
31%
Person Chuck
25%
Mobley Isaiah
25%
Sarr Olivier
25%
Rush Brandon
19%
Landry Carl
19%
Van Arsdale Dick
19%
Collins Jarron
19%
Paxson Jim
19%
Murray Keegan
19%
Plumlee Marshall
19%
Thompson #1 Mychel
19%
Harper Ron Jr.
19%
Vincent Sam
19%
Griffin Taylor
19%
Hansbrough Ben
13%
Gervin Derrick
13%
Grant #1 Harvey
13%
Pargo Jeremy
13%
Grant #2 Jerian
13%
Graham Joey
13%
Natt Kenny
13%
Zeller Luke
13%
Teague Marquis
13%
Nance Pete
13%
Van Arsdale Tom
13%
Jones #2 Tre
13%
Jones #2 Tyus
13%
Natt Calvin
6%
Wright Dorell
6%
Barry Drew
6%
Wilkins Gerald
6%
Pargo Jannero
6%
Brown Shannon
6%
King Albert
0%
Jones #1 Caldwell
0%
Jones #1 | O’Bannon Charles
0%
Mikan | O’Bannon Ed
0%
Williams #1 Gus
0%
Rush Kareem
0%
Jones #1 Major
0%
Williams #1 Ray
0%
McCray Rodney
0%
McCray Scooter
0%
Anderson Shandon
0%
Brown Sterling
0%
Person Wesley
0%
No matching quizzes found
Score Distribution
Percent of People with Each Score
Percentile by Number Answered
Your Score History
You have not taken this quiz since the last reset